Türk-Amerikan ilişkilerinin şekillenmesinde Amiral Mark L. Bristol'un rolü (1919-1927) (Record no. 10667)
[ view plain ]
| 000 -BAŞLIK | |
|---|---|
| Sabit Uzunlukta Kontrol Alanı | 00999na a2200289 4500 |
| 001 - KONTROL NUMARASI | |
| Denetim Alanı | 24245 |
| 003 - KONTROL NUMARASI IDENTIFIER | |
| Denetim Alanı | MIRAKIL |
| 005 - SON İŞLEM TARİHİ VE ZAMANI | |
| Denetim Alanı | 20181213155330.0 |
| 008 - SABİT-BOY VERİ ELEMANLARI - GENEL BİLGİLER | |
| Sabit Uzunlukta Kontrol Alanı | 180829b tu 000 0 |
| 020 ## - ULUSLARARASI STANDART KİTAP NUMARASI | |
| Uluslararası Standart Kitap Numarası | 9789751631909 |
| 040 ## - KATALOGLAMA KAYNAK | |
| Orijinal Kataloglama Ajansı | Milas |
| Kataloglama Dili | tur |
| Metne Dönüştürmek Ajansı | TR-AnCHP |
| 041 ## - DİL KODU | |
| Metin / Ses Parça Veya Ayrı Başlığın Dil Kodu | tur |
| 082 ## - DEWEY ONLU SINIFLANDIRMA NUMARASI | |
| Sınıflandırma Numarası | 327.956103 |
| Ürün Numarası | K77t 2016 |
| 090 ## - SINIFLAMA NUMARASI | |
| Sınıflama Numarası | 327.956103 K77t 2016 |
| 100 ## - ANA GİRİŞ - KİŞİSEL İSİM | |
| Kişisel Ad | Köse, İsmail |
| 245 ## - BAŞLIK TABLOSU | |
| Başlık | Türk-Amerikan ilişkilerinin şekillenmesinde Amiral Mark L. Bristol'un rolü (1919-1927) |
| Sorumluluk Tablosu, Vb | İsmail Köse |
| 260 ## - YAYIN, DAĞITIM, VB | |
| Yayın, Dağıtım, Vb Yeri | Ankara |
| Yayıncı, Dağıtıcı, Vs Adı | Türk Tarih Kurumu |
| Yayın, Dağıtım, Vb Tarihi | 2016 |
| 300 ## - FİZİKSEL TANIM | |
| Kapsam | XXVİ, 603 s. |
| Diğer Fiziksel Ayrıntıları | hrt. , grf. |
| Boyutlar | 24 sm. |
| 440 ## - SERİSİ TABLOSU / KATMA GİRİŞİ - BAŞLIK | |
| Başlık | AKDTYK Türk Tarih Kurumu yayınları |
| Hacim / Ardışık Tanımı | IV/A-2-3.1. dizi- sayı 4 |
| 504 ## - KAYNAKÇA VB NOT | |
| Kaynakça Vb Notu | Kaynakça ve dizin var |
| 600 ## - KONU KATMA GİRİŞ - KURUMSAL ADI | |
| Kişisel Ad | Bristol, Mark Lambert |
| Başlıklar Ve Bir Adla İlişkili Diğer Kelimeler | Amiral |
| Bir Adıyla İlişkilendirilen Tarihler | 1868-1939 |
| 650 ## - KONU KATMA GİRİŞ - TOPİKAL DÖNEM | |
| Topikal Süreli Veya Coğrafi Ad Giriş Elemanı | Lozan konferansı |
| Kronolojik Alt Bölümü | 1922-1923 |
| 650 ## - KONU KATMA GİRİŞ - TOPİKAL DÖNEM | |
| Topikal Süreli Veya Coğrafi Ad Giriş Elemanı | Türkiye |
| Genel Alt Bölümü | ABD |
| -- | Dış ilişkiler |
| Kronolojik Alt Bölümü | 20.yy |
| 650 ## - KONU KATMA GİRİŞ - TOPİKAL DÖNEM | |
| Topikal Süreli Veya Coğrafi Ad Giriş Elemanı | Türkiye |
| Genel Alt Bölümü | ilişkiler |
| -- | ABD |
| Kronolojik Alt Bölümü | 1922-1924 |
| 650 ## - KONU KATMA GİRİŞ - TOPİKAL DÖNEM | |
| Topikal Süreli Veya Coğrafi Ad Giriş Elemanı | Türkiye |
| Genel Alt Bölümü | ilişkiler |
| -- | ABD |
| Kronolojik Alt Bölümü | 1917-1922 |
| 942 ## - EKLENDİ GİRİŞ ELEMANLARI (KOHA) | |
| Sınıflandırma Veya Raf Düzeni Kaynak | |
| Koha Öğesi Türü | Books |
| 999 ## - SİSTEM KONTROL NUMARALARI (KOHA) | |
| Koha Biblionumber | 10667 |
| Koha Biblioitemnumber | 10667 |
| Kalıcı Konum | Mevcut Konum | Edinme Tarihi | Edinim Kaynak | Toplam Check-Out'Lar | Tam Çağrı Numarası | Barkod | Tarih Son Görülme | İtibaren Geçerli Fiyatlar | Koha Öğesi Türü |
|---|---|---|---|---|---|---|---|---|---|
| CHP Kütüphanesi | CHP Kütüphanesi | 08/29/2018 | Bağış | 327.956103 K77t 2016 | 018337 | 08/29/2018 | 08/29/2018 | Books |
